Statystyki dla Skład Celty Vigo w La Liga 2023/24

Kliknij tutaj aby rozwiązać quiz!

Ogólne statystyki

  • Ten quiz został rozwiązany 5 razy
  • Średni wynik to 3 z 21

Statystyki odpowiedzi

NumerZawodnik% Poprawnych
10Iago Aspas
100%
15Joseph Aidoo
50%
6Denis Suarez
25%
8Fran Beltran
25%
11Franco Cervi
25%
20Kevin Vazquez
25%
14Renato Tapia
25%
13Ruben Blanco
25%
21Augusto Solari
0%
23Brais Mendez
0%
2Hugo Mallo
0%
17Javier Galan
0%
24Jeison Murillo
0%
19Jose Fontan
0%
1Matias Dituro
0%
16Miguel Baeza
0%
4Nestor Araujo
0%
9Nolito
0%
5Okay Yokuslu
0%
22Santi Mina
0%
7Thiago Galhardo
0%

Rozkład punktacji

Percentyl według liczby udzielonych odpowiedzi

Procent ludzi z każdym wynikiem

Twoja historia wyników

Nie rozwiązałeś tego quizu